A nyereség nem fétis
Elmentve itt :
| Szerző: | |
|---|---|
| Dokumentumtípus: | Cikk |
| Megjelent: |
1989-07-27
|
| Sorozat: | Délmagyarország
79 No. 175 |
| Kulcsszavak: | Vas- és Fémipari Ktsz. |
| Online Access: | http://dmarchiv.bibl.u-szeged.hu/104624 |
| LEADER | 00451nab a2200157 i 4500 | ||
|---|---|---|---|
| 001 | delm104624 | ||
| 005 | 20190920140600.0 | ||
| 008 | 190920s1989 hu o 0|| hun d | ||
| 040 | |a SZTE Délmagyarország Archívum |b hun | ||
| 041 | |a hun | ||
| 100 | 1 | |a Bőle István | |
| 245 | 1 | 2 | |a A nyereség nem fétis |h [elektronikus dokumentum] / |c Bőle István |
| 260 | |c 1989-07-27 | ||
| 300 | |a 3 | ||
| 490 | 0 | |a Délmagyarország |v 79 No. 175 | |
| 695 | |a Vas- és Fémipari Ktsz. | ||